| 000 | 00829nam a2200205Ia 4500 | ||
|---|---|---|---|
| 003 | OSt | ||
| 005 | 20210715143006.0 | ||
| 008 | 210310s2006 ck aod fr 000 0 eng d | ||
| 040 |
_aCO-JMCR _cCO-JMCR |
||
| 041 | 0 | _aeng | |
| 082 | 0 | 4 |
_a332.672 / _bP964c1 _223 |
| 110 | 2 |
_aProexport _938495 |
|
| 245 | 1 | 0 |
_aSurprising Colombia : _bthe go-to place: foreign investment guide 2006 / _cProexport |
| 260 |
_a[Bogotá] : _bProexport, _c2006 |
||
| 300 |
_a85 páginas : _bilustraciones, fotografías y gráficas a color ; _c29 cm. |
||
| 505 | 0 | _aMarket potencial -- Infraestructure -- Macroeconomic performance -- Export platform -- Economic sectors -- Foreign investment -- Institutions $ legal information | |
| 650 | 1 | 4 |
_aInversiones extranjeras _916406 _zColombia |
| 650 | 2 | 4 |
_aSectores económicos _zColombia _938496 |
| 942 |
_2ddc _cBK |
||
| 999 |
_c8125 _d8125 |
||